000 00669nam a2200205Ia 4500
005 20241216011232.0
008 190429s9999||||xx |||||||||||||| ||und||
082 _a551.453
_bC18
100 _aCHAMORRO VALLADARES MALENA DAYS
245 0 _aESTUDIO DE PRE FACTIBILIDAD EN MEJORAMIENTO DE PRADERAS ALTOANDINAS DE LA PROVINCIA DE PASCO
250 _a0
260 _aCERRO DE PASCO-PERU
_bUNDAC
_c2007
300 _a120 pag.
_c30 cm.
341 _h0
490 _v0
_a0
505 _aREVISION BIBLIOGRAFICA/MATERIALES Y METODOS/RESULTADOS Y DISCUSION/CONCLUSIONES
541 _aD
_bCHAMORRO VALLADARES MALEN
_d19-Dec-08
_oSoles
650 _aZootecnia
942 _cTESIS
999 _c36302
_d36302